| 000 | 00687nam a22002177a 4500 | ||
|---|---|---|---|
| 005 | 20221018021312.0 | ||
| 008 | 221018b |||||||| |||| 00| 0 eng d | ||
| 020 | _a978-971-23-5645-2 | ||
| 082 | _aFil. 641.4 So714 2010 | ||
| 100 |
_aSoriano, Nora N. _eauthor |
||
| 245 |
_aA guide to food selection, preparation and preservation / _cNora Narvaez-Soriano; Maria Nora Soriano, illustrator |
||
| 250 | _a2nd ed. | ||
| 260 |
_aManila: _bRex Book Store, _cc2010. |
||
| 300 |
_aviii, 197p.: _bill. |
||
| 500 | _aIncludes index | ||
| 541 | _e4130 c.1, 4131 c.2 | ||
| 650 | _aFood - Preservation | ||
| 650 | _aCooking | ||
| 650 | _aFood selection | ||
| 700 |
_aSoriano, Maria Nora _eillustrator |
||
| 999 |
_c54 _d54 |
||